Gregor and the Code of Claw / (Record no. 174417)

000 -LEADER
fixed length control field 01614cam a2200397 a 4500
001 - CONTROL NUMBER
control field 14559355
003 - CONTROL NUMBER IDENTIFIER
control field Nust
005 - DATE AND TIME OF LATEST TRANSACTION
control field 20180727053635.0
008 - FIXED-LENGTH DATA ELEMENTS--GENERAL INFORMATION
fixed length control field 060920s2007 nyu c 000 1 eng
010 ## - LIBRARY OF CONGRESS CONTROL NUMBER
LC control number 2006028839
020 ## - INTERNATIONAL STANDARD BOOK NUMBER
International Standard Book Number 9780439791441
Terms of availability Rs. 316
020 ## - INTERNATIONAL STANDARD BOOK NUMBER
International Standard Book Number 0439791448
035 ## - SYSTEM CONTROL NUMBER
System control number (OCoLC)ocm74568049
035 ## - SYSTEM CONTROL NUMBER
System control number (OCoLC)74568049
038 ## - RECORD CONTENT LICENSOR
Staff Name Arshad
040 ## - CATALOGING SOURCE
Original cataloging agency DLC
Transcribing agency DLC
Modifying agency BKX
-- BAKER
-- BTCTA
-- BIB
-- RLS
-- EHH
-- DLC
042 ## - AUTHENTICATION CODE
Authentication code lcac
050 00 - LIBRARY OF CONGRESS CALL NUMBER
Classification number PZ7.C6837
Item number Gow 2007
082 00 - DEWEY DECIMAL CLASSIFICATION NUMBER
Classification number 823
Author Mark COL
100 1# - MAIN ENTRY--PERSONAL NAME
Personal name Collins, Suzanne.
9 (RLIN) 7598
245 10 - TITLE STATEMENT
Title Gregor and the Code of Claw /
Statement of responsibility, etc. Suzanne Collins.
250 ## - EDITION STATEMENT
Edition statement 1st ed.
260 ## - PUBLICATION, DISTRIBUTION, ETC.
Place of publication, distribution, etc. New York :
Name of publisher, distributor, etc. Scholastic Press,
Date of publication, distribution, etc. 2007.
300 ## - PHYSICAL DESCRIPTION
Extent 412 p. ;
Dimensions 22 cm.
440 #0 - SERIES STATEMENT/ADDED ENTRY--TITLE
Title Underland chronicles ;
Volume/sequential designation bk. 5
9 (RLIN) 12057
520 ## - SUMMARY, ETC.
Summary, etc. When twelve-year-old Gregor finally learns the ancient prophecy, which foretells his death, he must gather his courage to defend Regalia from the army of rats, take his mother and sister home safely, and fight his own dark side.
650 #1 - SUBJECT ADDED ENTRY--TOPICAL TERM
Topical term or geographic name entry element Brothers and sisters
Form subdivision Fiction.
9 (RLIN) 7599
650 #1 - SUBJECT ADDED ENTRY--TOPICAL TERM
Topical term or geographic name entry element Animals
Form subdivision Fiction.
9 (RLIN) 7600
650 #1 - SUBJECT ADDED ENTRY--TOPICAL TERM
Topical term or geographic name entry element Fantasy.
9 (RLIN) 7601
800 1# - SERIES ADDED ENTRY--PERSONAL NAME
Personal name Collins, Suzanne.
Title of a work Underland chronicles ;
Volume/sequential designation bk. 5.
9 (RLIN) 12058
856 42 - ELECTRONIC LOCATION AND ACCESS
Materials specified Publisher description
Uniform Resource Identifier <a href="http://www.loc.gov/catdir/enhancements/fy1116/2006028839-d.html">http://www.loc.gov/catdir/enhancements/fy1116/2006028839-d.html</a>
856 42 - ELECTRONIC LOCATION AND ACCESS
Materials specified Contributor biographical information
Uniform Resource Identifier <a href="http://www.loc.gov/catdir/enhancements/fy1301/2006028839-b.html">http://www.loc.gov/catdir/enhancements/fy1301/2006028839-b.html</a>
906 ## - LOCAL DATA ELEMENT F, LDF (RLIN)
a 7
b cbc
c orignew
d 1
e ecip
f 20
g y-gencatlg
942 ## - ADDED ENTRY ELEMENTS (KOHA)
Source of classification or shelving scheme
Koha item type Book
Holdings
Withdrawn status Lost status Source of classification or shelving scheme Damaged status Not for loan Collection code Permanent Location Current Location Shelving location Date acquired Total Checkouts Full call number Barcode Date last seen Copy number Price effective from Koha item type
            Central Library (CL) Central Library (CL) Fiction 01/25/2017   823 COL CL548 01/25/2017 1 01/25/2017 Book
© 2023 Central Library, National University of Sciences and Technology. All Rights Reserved.